Geography Quiz

Random Geography or State Quiz

US States - Postal Abbreviations Quiz Stats

Quiz Updated Jan 4, 2013

Challenge
Share
Tweet
Embed
Score 0/50 Timer 01:30
2 Plays Today
St. % Correct
AL
93.8%
CA
88.5%
AK
86.9%
MI
82.9%
MA
81.6%
FL
81.4%
NY
80.3%
AR
79.1%
GA
74.8%
AZ
74.5%
NC
74.2%
ND
74%
CO
72.7%
SC
71.4%
MN
71.3%
SD
70.5%
MO
69.1%
ME
68.6%
HI
68.5%
MS
68.1%
DE
67.4%
WA
67.4%
NJ
67.4%
IL
66.4%
NM
64.5%
St. % Correct
TX
64.2%
CT
63.9%
IN
63.7%
NH
63.1%
ID
63.1%
IA
61.5%
OR
61.3%
OH
59.2%
LA
57.4%
KY
56.7%
VA
55.7%
NE
55.6%
KS
54.8%
MT
54.5%
WY
53.5%
PA
53.5%
WV
53%
VT
52.9%
MD
52.8%
NV
51.6%
TN
51.2%
RI
48.7%
OK
47.5%
WI
47.1%
UT
45.7%

You're not logged in!

Compare scores with friends on all Sporcle quizzes.
Join for Free
OR
Log In

You Might Also Like...

Show Comments

Extras

Top Quizzes Today


Score Distribution

Your Account Isn't Verified!

In order to create a playlist on Sporcle, you need to verify the email address you used during registration. Go to your Sporcle Settings to finish the process.

Report this User

Report this user for behavior that violates our Community Guidelines.

Details: